О Госзайме "Пятилетка в четыре года"

Доступно только в Электронных читальных залах Найти на картеНа карте
RUSMARC
00003847nmc2a22002773x 450
00161b2ddc0-5344-4ed4-a9c1-94aadf3bbdf4
00520231204190559.0
100##$a20231107l19301930k y0rusy50 ca
1010#$arus
$amul
102##$aRU
105##$aa z |||||
1222#$ad19300221
$ad19300224
2001#$aО Госзайме "Пятилетка в четыре года"
$j21.02.1930 - 24.02.1930
215##$a60 листов
$cтабл.
$d36,5 х 21,5
251##$cДело
300##$aЧасть текста на языках народов СССР
300##$aВ деле имеются телеграммы
300##$aОбратная нумерация
300##$aЧасть текста машинописная и рукописная, часть - напечатана типографским способом
324##$aВ деле имеются копии отдельных документов
461#0$1001RuPRLIB520124725
$12001
$aЦЕНТРАЛЬНЫЙ ИСПОЛНИТЕЛЬНЫЙ КОМИТЕТ СССР (ЦИК СССР).
$1251
$cФонд
$1852
$gР
$j3316
462#0$1001RuPRLIB520125289
$12001
$aДела Секретариата Президиума ЦИК Союза ССР. 1930 г.
$vД. 278
$1251
$cОпись
$1852
$j23
60101$3RU\NLR\AUTH\880357276
$aСССР
$bЦИК
801#0$aRU
$bGA_RF
801#1$aRU
$bГлавНИВЦ
$c20231107
$2rusmarc
801#2$aRU
$bПБ им. Б.Н. Ельцина
$c20231204
$gRCR
$2rusmarc
852##$aГА РФ
$j278
937##$d189397638
$hГАРФ
035##$aRuPRLIB51074548
856##$uhttp://readingroom.main.prlib.ru/item.aspx?id_node=n189397638&mode=full
Формат отображения